| 000 | 00534nam a22001817a 4500 | ||
|---|---|---|---|
| 010 | _aENG-120736 | ||
| 020 |
_a9788188632511 _c495.00 |
||
| 035 | _aEN-104268 | ||
| 037 | _bDBAD/PUB | ||
| 082 | _a070.4 | ||
| 100 | _aDibyanshu Kumar | ||
| 245 |
_aCitizen Journalism / _cby Dibyanshu Kumar |
||
| 260 |
_aDelhi _bPushpanjali Prakashan _c2012 |
||
| 270 |
_aL-46, Street No. 5, Shivaji Marg, Kartar Nagar, _bDelhi _e110032 |
||
| 300 |
_a248p. _b21cm(Hb). |
||
| 500 | _aInclude index | ||
| 942 |
_2ddc _cEN _h070.4 _mDIB |
||
| 999 |
_c145598 _d145598 |
||